|
|
|
|
| LEADER |
02139nam a2200505 a 4500 |
| 001 |
nkc20061703064 |
| 003 |
CZ PrNK |
| 005 |
20070410170258.0 |
| 007 |
ta |
| 008 |
070214s2006 xr f 000 0 eng |
| 015 |
|
|
|a cnb001703064
|
| 020 |
|
|
|a 80-7343-112-2
|q (Centrum pro ekonomický výzkum a doktorské studium UK ;
|q brož.)
|
| 020 |
|
|
|a 80-7344-101-2
|q (Národohospodářský ústav AV ČR ;
|q brož.)
|
| 035 |
|
|
|a (OCoLC)124087461
|
| 040 |
|
|
|a ABA001
|b cze
|
| 041 |
0 |
|
|a eng
|b cze
|
| 072 |
|
7 |
|a 336.7
|x Finance
|2 Konspekt
|9 4
|
| 080 |
|
|
|a 336.74:338.23
|2 MRF
|
| 080 |
|
|
|a 519.673
|2 MRF
|
| 080 |
|
|
|a (048.8)
|2 MRF
|
| 100 |
1 |
|
|a Podpiera, Jiří,
|d 1976-
|7 mzk2006322854
|4 aut
|
| 245 |
1 |
4 |
|a The role of policy rule misspecification in monetary policy inertia debate /
|c Jiří Podpiera
|
| 260 |
|
|
|a Prague :
|b CERGE-EI,
|c 2006
|
| 300 |
|
|
|a 34 s. ;
|c 21 cm
|
| 490 |
1 |
|
|a Working paper series,
|x 1211-3298 ;
|v 315
|
| 504 |
|
|
|a Obsahuje bibliografii a bibliografické odkazy
|
| 546 |
|
|
|a České resumé
|
| 550 |
|
|
|a Vydavatel: Univerzita Karlova, Centrum pro ekonomický výzkum a doktorské studium, Akademie věd České republiky, Národohospodářský ústav
|
| 650 |
0 |
7 |
|a měnová politika
|7 ph115398
|2 czenas
|
| 650 |
0 |
7 |
|a matematické modelování
|7 ph115240
|2 czenas
|
| 650 |
0 |
9 |
|a monetary policy
|2 eczenas
|
| 650 |
0 |
9 |
|a mathematical modeling
|2 eczenas
|
| 655 |
|
7 |
|a studie
|7 fd133597
|2 czenas
|
| 655 |
|
9 |
|a studies
|2 eczenas
|
| 710 |
2 |
|
|a Univerzita Karlova.
|b Centrum pro ekonomický výzkum a doktorské studium
|7 olak2002113688
|
| 710 |
2 |
|
|a Národohospodářský ústav (Akademie věd ČR)
|7 kn20020321166
|
| 830 |
|
0 |
|a Working paper series (CERGE-EI)
|0 s
|
| 910 |
2 |
|
|a BOA001
|b 2-1179.812
|
| 928 |
9 |
|
|a Národohospodářský ústav AV ČR
|
| 928 |
9 |
|
|a Univerzita Karlova, Centrum pro ekonomický výzkum a doktorské studium
|
| 990 |
|
|
|a BK
|
| 995 |
|
|
|a 01
|
| 991 |
|
|
|b 200703
|c NOV
|
| 996 |
6 |
|
|b 2610301672
|c 2-1179.812
|l MZK
|r Sklad / do 1 hodiny
|n 0
|p p.v.
|w 000839490
|u 000010
|a 1
|e BOA001
|j MZK50
|s P
|
| 996 |
7 |
|
|b 2610301673
|c 2-1179.812
|l MZK
|r Sklad / do 1 hodiny
|n 0
|p p.v.
|w 000839490
|u 000020
|a 1
|e BOA001
|j MZK50
|s A
|